Personaggi intervistati da Gurulandia - Statistics

Statistiche generali
  • Questo quiz è stato fatto 22 volte
  • Il punteggio medio è 5 su 30
Statistiche sulle risposte
Data di Nascita Personaggio % Corretto
1974 Fabrizio Corona
95%
1989 Fedez
47%
1976 David Parenzo
26%
1943 Vittorio Feltri
26%
1952 Vittorio Sgarbi
26%
1950 Flavio Briatore
21%
1966 Giuseppe Cruciani
21%
1964 Rocco Siffredi
21%
1975 - 1958 Filippo Champagne e Nevio lo Stirato
16%
1978 Lorenzo Ruzza
16%
1984 Robert Kubica
16%
1993 Taylor Mega
16%
1987 Andrea Presti
11%
1992 Big Luca
11%
1990 Dario Moccia
11%
1965 Davide Lacerenza
11%
1955 Lele Mora
11%
1965 Massimo Ceccherini
11%
1962 Massimo Giletti
11%
1992 Max Felicitas
11%
1991 Nicolò Balini (Human Safari)
11%
1964 Alessandro Orlando
5%
1986 Danny Lazzarin
5%
1976 Francesca Fagnani
5%
2001 Il Rosso
5%
1989 Michele Molteni
5%
1988 Radja Nainggolan
5%
1992 Steven Basalari
5%
1988 Tommaso Mazzanti (All'Antico Vinaio)
5%
1997 Valerio Braschi
5%
Nessun quiz corrispondente trovato
Distribuzione punteggi
Percentuale di utenti per punteggio
Percentile per numero di risposta
I tuoi punteggi nel tempo
Non hai fatto questo quiz